000 00445nam a22001817a 4500
003 koha_MIRAKIL
005 20231213065355.0
008 231213b |||||||| |||| 00| 0 ||| d
020 _b9-75100719-4
040 _aTR-IsEVY
_btur
_cTR-IsEVY
082 _a750 CRA/A
100 _aCRAWSHAW, ALWYN.
245 0 _aAKRİLİK BOYA RESİM TEKNİĞİ.
260 _bİNKILAP,
_c1994
300 _a94.
650 _aResim Sanatı.
942 _2ddc
_cBK
999 _c2557
_d2557